Escuela de Directores de Industrias Eléctricas / Instituto de Electricidad Aplicada ; director: E. Terradas E. Terradas
Descripción Física:
10 p. ; 24 cm
Otros Autores:
Escola Industrial de Barcelona
MARC
| LEADER | 00000nam a2200000Ia 4500 | ||
|---|---|---|---|
| 001 | 18617 | ||
| 008 | 160829s9999 xx 000 0 cat d | ||
| 080 | |a RF-3-31 | ||
| 245 | |a Escuela de Directores de Industrias Eléctricas / Instituto de Electricidad Aplicada ; director: |b E. Terradas | ||
| 260 | |a Barcelona : |b Escuela Industrial de Barcelona, [1917 ?] | ||
| 300 | |a 10 p. ; |c 24 cm | ||
| 590 | |a Prové de 3274 | ||
| 650 | |a Escuela de Directores de Industrias Eléctricas |x Ensenyament |9 47347 | ||
| 650 | 0 | |a Instituto de Electricidad y Mecánica Aplicadas |9 30372 | |
| 700 | |a Escola Industrial de Barcelona | ||
| 856 | 4 | |u https://media.diba.cat/diba/fitxers/arxiu/fulletons/bib_18617_1917_baixa.pdf |y Accés lliure | |
| 856 | 4 | |u https://media.diba.cat/diba/fitxers/arxiu/fulletons/bib_18617_1917_baixa.pdf |y Accés lliure | |
| 866 | |a Curs 1917-1918 | ||
| 901 | |a Arxiu | ||
| 942 | |n 1 |2 udc | ||
| 952 | |0 0 |1 0 |4 0 |6 RF331 |7 1 |9 53826 |a Arxiu |b Arxiu |d 2016-12-01 |l 0 |o RF-3-31 |p 18617 |r 2016-12-01 00:00:00 |w 2016-12-01 |y ARXIU | ||
| 999 | |c 57692 |d 57692 | ||
| 900 | |a bib_18617_1917_baixa.pdf | ||